Paso a paso: juegos y actividades para ayudar a tu bebé con necesidades especiales
সংরক্ষণ করুন:
| প্রধান লেখক: | |
|---|---|
| বিন্যাস: | গ্রন্থ |
| ভাষা: | স্প্যানিশ |
| প্রকাশিত: |
Barcelona
Paidós Ibérica
2003
|
| সংস্করন: | 1a. ed |
| মালা: | Guías para Padres, 72
|
| বিষয়গুলি: | |
| ট্যাগগুলো: |
ট্যাগ যুক্ত করুন
কোনো ট্যাগ নেই, প্রথমজন হিসাবে ট্যাগ করুন!
|
MARC
| LEADER | 00000nam a2200000 a 4500 | ||
|---|---|---|---|
| 001 | UCJ9696 | ||
| 003 | CL-VaPUC | ||
| 008 | 070330e20030000SP |||||||||||||||||spa|d | ||
| 020 | |a 8449313589 | ||
| 082 | 0 | 4 | |a 371.956 |b NEW |2 21 |
| 100 | |a Newman, Sarah |e autora |9 519716 | ||
| 245 | 1 | 0 | |a Paso a paso: juegos y actividades para ayudar a tu bebé con necesidades especiales |
| 250 | |a 1a. ed | ||
| 300 | |a 266 p | ||
| 942 | |c BK | ||
| 945 | |d 20070330 00:00:00 |a cmena | ||
| 260 | |a Barcelona |b Paidós Ibérica |c 2003 | ||
| 650 | 0 | |a Educación especial |9 307486 | |
| 650 | 0 | |a Métodos de enseñanza |9 270413 | |
| 650 | 0 | |a Juegos educativos |9 307366 | |
| 650 | 0 | |a Niños |9 255605 | |
| 650 | 0 | |a Desarrollo emocional |9 313058 | |
| 650 | 0 | |a Desarrollo individual |9 307875 | |
| 583 | |a last modification |c 20070330 00:00:00 |k Rodrigo Vera | ||
| 490 | 0 | |a Guías para Padres, 72 | |
| 999 | |c 325112 |d 325110 | ||
| 952 | |0 0 |1 0 |4 0 |6 371_956000000000000_NEW_2003 |7 0 |8 A |9 405695 |a BIBEDU |b BIBEDU |d 2019-11-22 |i 4327993 |o 371.956 NEW 2003 |p 4327993 |r 2019-11-22 |w 2019-11-22 |y BK |k EBA | ||